[Event "Dortmund"]
[Site "?"]
[Date "1995.??.??"]
[Round "?"]
[White "Lautier, J."]
[Black "Short, N."]
[Result "1/2-1/2"]
[WhiteElo "2645"]
[BlackElo "2645"]
[PlyCount "85"]
[EventDate "1995.??.??"]
[Source "ChessBase"]
[SourceDate "1995.06.01"]

1. c4 e5 2. Nc3 d6 3. g3 Nc6 4. Nf3 f5 5. d4 e4 6. d5 Ne5 7. Nd4 h5 8. f3 h4 9. Bg2 h3 10. Bf1 Nf6 11. Qc2 Qe7 12. fxe4 fxe4 13. Nxe4 Nxe4 14. Qxe4 Bd7 15. Nf3 O-O-O 16. Nxe5 dxe5 17. Bd2 Qf6 18. Qe3 b6 19. b4 c6 20. Qa3 Kb8 21. e4 Be7 22. Be2 Rhf8 23. Qe3 Qg6 24. Rc1 c5 25. b5 Rde8 26. a4 Rf7 27. a5 Ref8 28. axb6 axb6 29. Rf1 Rxf1+ 30. Bxf1 Bg4 31. Be2 Bxe2 32. Qxe2 Bg5 33. Rc3 Bxd2+ 34. Kxd2 Qg5+ 35. Kc2 Qf6 36. Rd3 g5 37. g4 Qf2 38. Qxf2 Rxf2+ 39. Rd2 Rg2 40. Kd3 Rxg4 41. Rf2 Rg1 42. Rf6 Kc7 43. Rc6+ 1/2-1/2

[Event "Yerevan"]
[Site "?"]
[Date "1996.??.??"]
[Round "?"]
[White "Gulko, B."]
[Black "Hracek, Z."]
[Result "1-0"]
[WhiteElo "2615"]
[BlackElo "2650"]
[PlyCount "111"]
[EventDate "1996.??.??"]
[Source "ChessBase"]
[SourceDate "1996.02.01"]

1. c4 e5 2. Nc3 Nc6 3. Nf3 Bb4 4. Nd5 Bc5 5. e3 e4 6. d4 Be7 7. Nd2 f5 8. g4 Nb4 9. gxf5 Nxd5 10. Qh5+ Kf8 11. cxd5 Nf6 12. Qh4 c6 13. Nxe4 Nxd5 14. Qg4 Nb4 15. Rg1 Rg8 16. Kd1 d5 17. Ng5 Bxg5 18. Qxg5 Qxg5 19. Rxg5 h6 20. Rg3 Bxf5 21. Bd2 Na6 22. Rf3 g6 23. Bd3 Ke7 24. Bxf5 gxf5 25. Rxf5 Rg1+ 26. Be1 Rf8 27. Re5+ Kd7 28. Ke2 Rf6 29. Rc1 Rg2 30. Rh5 Nc7 31. Kf1 Rg8 32. Rh3 Ne6 33. Rg3 Rgf8 34. Ke2 Ng5 35. f4 Ne4 36. Rg4 Rf5 37. Bb4 R8f7 38. Rcg1 Rh5 39. h4 Ke6 40. Be1 Rhf5 41. Kf3 h5 42. Rg8 Rf8 43. R1g6+ Kd7 44. Bb4 Rxg8 45. Rxg8 Rf7 46. Rh8 Ke6 47. Rxh5 Rg7 48. f5+ Kf6 49. Kf4 Rg2 50. Rh6+ Kg7 51. Re6 Rxb2 52. a3 Rb3 53. h5 a5 54. h6+ Kg8 55. Re8+ Kh7 56. Bf8 1-0

[Event "Soviet Union"]
[Site "Soviet Union"]
[Date "1974.??.??"]
[Round "?"]
[White "Polugaevsky, Lev A"]
[Black "Taimanov, Mark E"]
[Result "1-0"]
[WhiteElo "2630"]
[BlackElo "2580"]
[PlyCount "113"]
[EventDate "1974.??.??"]
[Source "www.chesslib.no"]
[SourceDate "2004.05.04"]

1. c4 e5 2. Nc3 Nc6 3. Nf3 g6 4. d4 exd4 5. Nxd4 Bg7 6. Nxc6 bxc6 7. g3 Ne7 8. Bg2 O-O 9. O-O Rb8 10. Qa4 a6 11. Qc2 Nf5 12. e3 c5 13. Rb1 Bb7 14. Nd5 Bxd5 15. cxd5 Qe7 16. Bd2 Rfc8 17. Rfc1 Bf8 18. Qd3 Rb6 19. b3 h5 20. Rc4 Nd6 21. Rxc5 Ne4 22. Rc4 Nxd2 23. Qxd2 Rb4 24. Rbc1 Rxc4 25. Rxc4 Qd6 26. Qa5 Be7 27. Bf1 Bd8 28. Qc5 Ra8 29. Qxd6 cxd6 30. Bh3 a5 31. Bxd7 Kf8 32. a4 Rb8 33. Bb5 g5 34. b4 axb4 35. Rxb4 h4 36. Re4 hxg3 37. Re8+ Kg7 38. hxg3 Bc7 39. Rxb8 Bxb8 40. a5 Kf6 41. Be8 Ke7 42. Bc6 Ba7 43. Kf1 f6 44. Ke2 Bc5 45. Kd3 Ba7 46. f4 Bc5 47. g4 Bb4 48. a6 Bc5 49. fxg5 fxg5 50. e4 Bg1 51. e5 dxe5 52. Ke4 Kd6 53. Kf5 Be3 54. Bb7 Kd7 55. Kxe5 Bc5 56. Bc6+ Ke7 57. Bb5 1-0

[Event "Elista ol (Men)"]
[Site "Elista"]
[Date "1998.10.12"]
[Round "13"]
[White "Dorfman, Josif D"]
[Black "Barua, Dibyendu"]
[Result "1/2-1/2"]
[WhiteElo "2585"]
[BlackElo "2540"]
[PlyCount "128"]
[EventDate "1998.09.29"]
[Source "ChessBase"]
[SourceDate "1998.11.06"]

1. c4 e5 2. Nc3 Nc6 3. Nf3 g6 4. d4 exd4 5. Nd5 Bg7 6. Bg5 f6 7. Bf4 d6 8. Nxd4 Nxd4 9. Qxd4 Ne7 10. g3 O-O 11. Bg2 Nc6 12. Qd2 Ne5 13. b3 c6 14. Nc3 Nf7 15. O-O f5 16. Rac1 Qa5 17. Rfd1 Be6 18. Be3 Rfe8 19. Bd4 Bxd4 20. Qxd4 Qe5 21. Qd2 Rad8 22. h3 g5 23. e3 h6 24. Kh2 Rd7 25. f4 gxf4 26. exf4 Qf6 27. Re1 Rde7 28. Bf3 Bc8 29. Re2 Rxe2+ 30. Nxe2 a6 31. Rd1 Qe7 32. Kg2 Kg7 33. Nd4 Qf6 34. Qd3 Re7 35. Rd2 Bd7 36. Kf2 Ne5 37. fxe5 dxe5 38. Re2 exd4 39. Rxe7+ Qxe7 40. Qxd4+ Kg6 41. c5 Be6 42. h4 Qf6 43. Bh5+ Kg7 44. Ke3 Qxd4+ 45. Kxd4 Kf6 46. Bd1 a5 47. a3 Bf7 48. b4 axb4 49. axb4 Be6 50. Bf3 Bc8 51. Be2 Bd7 52. Bf1 Ke6 53. Bg2 Bc8 54. Bf3 Kf6 55. Bh5 Bd7 56. Be2 Be6 57. b5 Bc8 58. b6 Be6 59. Bh5 Bd7 60. Bf3 Bc8 61. Bh1 Ke6 62. Bg2 Kf6 63. Bf3 Bd7 64. Bh5 Bc8 1/2-1/2

[Event "Zhukov mem"]
[Site "Tula"]
[Date "2000.??.??"]
[Round "?"]
[White "Sorokin, Maxim"]
[Black "Vaulin, Alexander"]
[Result "0-1"]
[WhiteElo "2572"]
[BlackElo "2540"]
[PlyCount "86"]
[EventDate "2000.??.??"]
[Source "www.chesslib.no"]
[SourceDate "2004.05.04"]

1. c4 e5 2. Nc3 Nc6 3. Nf3 f5 4. g3 d6 5. d4 e4 6. d5 exf3 7. dxc6 bxc6 8. e3 g6 9. Qxf3 Ne7 10. b3 Bg7 11. Bb2 O-O 12. Rd1 Qe8 13. Bg2 f4 14. exf4 g5 15. O-O gxf4 16. Rfe1 Be5 17. Qe2 Qf7 18. Rd3 Bf5 19. Ne4 Ng6 20. g4 Bd7 21. g5 Rae8 22. Bxe5 Rxe5 23. Qh5 Kh8 24. Re2 Qe7 25. Nc3 Re8 26. Kf1 Rxe2 27. Nxe2 Qg7 28. Rd1 Ne5 29. h3 Rf8 30. Be4 c5 31. f3 Be8 32. Qh4 Bg6 33. Bxg6 Qxg6 34. Kf2 Qc2 35. Qh6 Rf7 36. g6 Nxg6 37. Rg1 Re7 38. Re1 Kg8 39. Kf1 Re3 40. Qg5 Rxf3+ 41. Kg1 Re3 42. Qf6 Rxe2 43. Qd8+ Kg7 0-1

[Event "LADAC/CAPA"]
[Site "?"]
[Date "1998.10.04"]
[Round "?"]
[White "Leotard Christophe (FRA)"]
[Black "Ruefenacht Matthias (SUI)"]
[Result "1-0"]
[WhiteElo "2590"]
[BlackElo "2520"]
[PlyCount "101"]
[EventDate "1998.??.??"]
[Source "www.chesslib.no"]
[SourceDate "2004.05.04"]

1. c4 e5 2. Nc3 Nc6 3. Nf3 f5 4. d4 e4 5. Ng5 Bb4 6. Nh3 Nf6 7. e3 Bxc3+ 8. bxc3 d6 9. Nf4 O-O 10. h4 Qe8 11. Ba3 Qf7 12. d5 Ne5 13. c5 dxc5 14. Bxc5 Rd8 15. Bd4 Ng6 16. Nxg6 hxg6 17. Bxf6 Qxf6 18. Qd4 Qxd4 19. cxd4 b6 20. Bc4 Bb7 21. d6+ Kf8 22. dxc7 Rdc8 23. Kd2 Rxc7 24. Rhc1 Rac8 25. Bb3 Rxc1 26. Rxc1 Rxc1 27. Kxc1 Ke7 28. Kb2 Ba6 29. Kc3 Bf1 30. Bc4 Bxg2 31. Kb4 Kd6 32. Kb5 Kc7 33. Ka6 Kb8 34. d5 f4 35. exf4 Bh3 36. d6 Bd7 37. Bf7 Bf5 38. Kb5 Kb7 39. Be8 Be6 40. a3 Bd5 41. Kb4 Kc8 42. Kc3 Kd8 43. Bb5 Be6 44. Bc6 Bd7 45. Bxe4 Bf5 46. Bxf5 gxf5 47. Kc4 Kd7 48. Kb5 Kxd6 49. Ka6 Kc5 50. Kxa7 b5 51. Kb7 1-0

[Event "Villa de Benasque 19th op"]
[Site "Benasque"]
[Date "1999.??.??"]
[Round "8"]
[White "Cicak, Slavko"]
[Black "Giorgadze, Giorgi"]
[Result "1/2-1/2"]
[WhiteElo "2490"]
[BlackElo "2616"]
[PlyCount "35"]
[EventDate "1999.??.??"]
[Source "www.chesslib.no"]
[SourceDate "2004.05.04"]

1. c4 e5 2. Nc3 Nc6 3. Nf3 f5 4. d4 e4 5. Ng1 Bb4 6. e3 Bxc3+ 7. bxc3 Nf6 8. c5 O-O 9. h4 b6 10. Ba3 bxc5 11. Bxc5 d6 12. Ba3 a5 13. Nh3 Ba6 14. Bxa6 Rxa6 15. Nf4 Qd7 16. Qb3+ Kh8 17. h5 Ne7 18. Qe6 1/2-1/2

[Event "Las Palmas-B"]
[Site "Las Palmas"]
[Date "1994.??.??"]
[Round "8"]
[White "Ubilava, Elizbar"]
[Black "Kurajica, Bojan"]
[Result "1/2-1/2"]
[WhiteElo "2535"]
[BlackElo "2565"]
[PlyCount "82"]
[EventDate "1994.05.??"]
[Source "ChessBase"]

1. c4 e5 2. Nc3 Nc6 3. Nf3 f5 4. d4 e4 5. Ng5 Bb4 6. Nh3 Nf6 7. e3 Bxc3+ 8. bxc3 d6 9. Be2 O-O 10. O-O Qe7 11. f3 Bd7 12. fxe4 Nxe4 13. Qc2 Rf6 14. Nf2 Ng5 15. c5 dxc5 16. e4 Nxe4 17. Qb3+ Kh8 18. Nxe4 fxe4 19. Qxb7 Rxf1+ 20. Bxf1 Rb8 21. Qa6 cxd4 22. cxd4 Qb4 23. Qc4 Qxc4 24. Bxc4 Nxd4 25. Bf4 Be6 26. Rd1 Bxc4 27. Rxd4 Rb1+ 28. Kf2 Rb2+ 29. Kg3 Bxa2 30. Rxe4 h6 31. Re8+ Kh7 32. Re7 Bd5 33. Rxg7+ Kxg7 34. Be5+ Kg6 35. Bxb2 Kf5 36. Kf2 a5 37. h3 Ke4 38. Ke2 a4 39. g4 c5 40. Bg7 a3 41. Kd2 h5 1/2-1/2

[Event "Peer Gynt"]
[Site "Gausdal"]
[Date "1991.??.??"]
[Round "7"]
[White "Arkhipov, Sergey"]
[Black "Vladimirov, Evgeny"]
[Result "1/2-1/2"]
[WhiteElo "2510"]
[BlackElo "2580"]
[PlyCount "32"]
[EventDate "1991.07.??"]
[Source "www.chesslib.no"]
[SourceDate "2004.05.04"]

1. c4 e5 2. Nc3 Nc6 3. Nf3 f5 4. d4 e4 5. d5 exf3 6. dxc6 fxg2 7. cxd7+ Qxd7 8. Bxg2 Qxd1+ 9. Kxd1 c6 10. Be3 Nf6 11. h3 Bd6 12. Kc2 f4 13. Bd4 Bf5+ 14. Kb3 Ke7 15. Rad1 Nd7 16. Ne4 Bxe4 1/2-1/2

[Event "Olympiade"]
[Site "Olympiade"]
[Date "1992.??.??"]
[Round "?"]
[White "Nikolic, Zivoslav"]
[Black "Azmaiparashvili, Zurab A"]
[Result "0-1"]
[WhiteElo "2475"]
[BlackElo "2610"]
[PlyCount "71"]
[EventDate "1992.??.??"]
[Source "www.chesslib.no"]
[SourceDate "2004.05.04"]

1. d4 g6 2. Nf3 Bg7 3. c4 d6 4. Nc3 e5 5. g3 exd4 6. Nxd4 Nc6 7. Nxc6 bxc6 8. Bg2 Ne7 9. Bg5 O-O 10. Bxc6 Rb8 11. Bxe7 Qxe7 12. Qd2 Qe5 13. Rc1 Bh3 14. b3 Qc5 15. Bd5 Qb6 16. Na4 Qa6 17. f4 c6 18. Bf3 d5 19. cxd5 cxd5 20. Kf2 Rfe8 21. Rc7 Qf6 22. e3 g5 23. fxg5 Qxg5 24. Rc5 Rbd8 25. Nc3 Bg4 26. Rf1 Qe7 27. Bxg4 Qxc5 28. Ne2 Bh6 29. Kg2 Rxe3 30. Qd1 d4 31. Ng1 d3 32. Bf5 Qd5+ 33. Kh3 Rd6 34. Qh5 d2 35. Nf3 Rxf3 36. Bg4 0-1

[Event "Woburn, MA"]
[Site "?"]
[Date "2001.03.04"]
[Round "5"]
[White "Foygel Igor"]
[Black "Sevillano Enrico M"]
[Result "1-0"]
[WhiteElo "2517"]
[BlackElo "2566"]
[PlyCount "73"]
[EventDate "2001.??.??"]
[Source "www.chesslib.no"]
[SourceDate "2004.05.04"]

1. c4 e5 2. Nc3 Nc6 3. Nf3 g6 4. d4 exd4 5. Nxd4 Bg7 6. Nxc6 bxc6 7. g3 Nf6 8. Bg2 O-O 9. O-O Rb8 10. Qa4 a6 11. Rd1 Qe7 12. Qa5 d5 13. Be3 dxc4 14. Bc5 Qe5 15. Qa3 Re8 16. Bxc6 Bf8 17. Bxf8 Rxf8 18. Rd2 a5 19. Rad1 Be6 20. Qe7 Kg7 21. Rd8 Rbxd8 22. Rxd8 Rxd8 23. Qxd8 Qg5 24. Qxc7 Qd2 25. Kg2 Qh6 26. h4 g5 27. hxg5 Qxg5 28. Qf4 Qh5 29. Qd4 Kg6 30. Be4+ Nxe4 31. Nxe4 Qf5 32. f3 h6 33. g4 Qf4 34. e3 Qb8 35. f4 Bxg4 36. f5+ Kxf5 37. Ng3+ 1-0

[Event "Open"]
[Site "Philadelphia, PA USA"]
[Date "1994.??.??"]
[Round "?"]
[White "Onischuk, Alexander"]
[Black "Rashkovsky, Nukhim N"]
[Result "0-1"]
[WhiteElo "2535"]
[BlackElo "2535"]
[PlyCount "68"]
[EventDate "1994.??.??"]
[Source "www.chesslib.no"]
[SourceDate "2004.05.04"]

1. c4 e5 2. Nc3 Nc6 3. Nf3 g6 4. d4 exd4 5. Nxd4 Bg7 6. Nxc6 bxc6 7. g3 Ne7 8. Bg2 O-O 9. O-O d6 10. Qc2 Be6 11. b3 Qd7 12. Rd1 Bh3 13. Bh1 f5 14. f4 Rae8 15. Bb2 g5 16. e3 Ng6 17. Qd2 Re6 18. Na4 Qe8 19. Re1 Rf7 20. Bxg7 Rxg7 21. fxg5 Ne5 22. Nb2 Rxg5 23. e4 Qg6 24. Qe3 h5 25. exf5 Bxf5 26. Qf4 h4 27. Qxh4 Rg4 28. Qh3 Rf4 29. Qg2 Nf3+ 30. Qxf3 Rxf3 31. Bxf3 Qf6 32. Rxe6 Bxe6 33. Re1 Bh3 34. Re8+ Kg7 0-1

[Event "It"]
[Site "?"]
[Date "1974.07.??"]
[Round "4"]
[White "Szabo Laszlo"]
[Black "Liberzon Vladimir M"]
[Result "1/2-1/2"]
[WhiteElo "2555"]
[BlackElo "2515"]
[PlyCount "38"]
[EventDate "1974.??.??"]
[Source "www.chesslib.no"]
[SourceDate "2004.05.04"]

1. c4 e5 2. Nc3 Nc6 3. Nf3 f5 4. d4 e4 5. Ng5 Bb4 6. Nh3 Nf6 7. e3 Bxc3+ 8. bxc3 d6 9. Ba3 O-O 10. c5 d5 11. c4 Ne7 12. cxd5 Nfxd5 13. c6 bxc6 14. Bc4 Rf6 15. O-O Kh8 16. Rc1 Be6 17. Qd2 Ng6 18. f3 exf3 19. Rxf3 Qd7 1/2-1/2

[Event "Kona 73/25"]
[Site "?"]
[Date "1998.??.??"]
[Round "?"]
[White "Shaked, Tal"]
[Black "Hodgson, Julian M"]
[Result "1-0"]
[WhiteElo "2490"]
[BlackElo "2575"]
[PlyCount "49"]
[EventDate "1998.??.??"]
[Source "ChessBase"]
[SourceDate "1998.06.01"]

1. c4 e5 2. Nc3 d6 3. g3 Nc6 4. Nf3 f5 5. d4 e4 6. d5 Ne5 7. Nd4 Nf6 8. f3 Be7 9. fxe4 Nxe4 10. Nxe4 fxe4 11. Bg2 O-O 12. Bxe4 c6 13. Qb3 Qa5+ 14. Qc3 Qb6 15. Be3 c5 16. Ne6 Bxe6 17. dxe6 Ng4 18. Bf4 g5 19. Bd2 Nf2 20. Bb1 Qc6 21. Rg1 Qe8 22. g4 Bf6 23. Qb3 Bd4 24. Qxb7 Bg7 25. Bc3 1-0

[Event "Las Vegas"]
[Site "?"]
[Date "1989.??.??"]
[Round "?"]
[White "Christiansen, L."]
[Black "Browne, W."]
[Result "1-0"]
[WhiteElo "2530"]
[BlackElo "2535"]
[PlyCount "67"]
[EventDate "1989.??.??"]
[Source "ChessBase"]
[SourceDate "1989.01.01"]

1. c4 e5 2. Nc3 Nc6 3. Nf3 f5 4. d4 e4 5. Ne5 Nxe5 6. dxe5 Ne7 7. Bg5 h6 8. Bh4 c6 9. e3 Qa5 10. Bg3 g6 11. Be2 h5 12. a3 h4 13. Bf4 g5 14. Bxg5 Qxe5 15. Bf4 Qf6 16. O-O Ng6 17. Bc7 d6 18. f3 Qe7 19. Ba5 b6 20. Qa4 Qb7 21. fxe4 bxa5 22. c5 Ne5 23. exf5 Qg7 24. f6 Qg6 25. f7+ Ke7 26. Nd5+ Kd7 27. Nf6+ Ke6 28. Rad1 Rb8 29. Bc4+ Nxc4 30. Qxc4+ Ke7 31. cxd6+ Kd8 32. Qxc6 Qxf7 33. Nd5 Qb7 34. Qc7+ 1-0

[Event "Goodricke 10th op"]
[Site "Calcutta"]
[Date "1999.02.09"]
[Round "4"]
[White "Sorokin, Maxim"]
[Black "Gleizerov, Evgeny"]
[Result "1/2-1/2"]
[WhiteElo "2550"]
[BlackElo "2515"]
[PlyCount "54"]
[EventDate "1999.02.06"]
[Source "ChessBase"]
[SourceDate "1999.05.10"]

1. c4 e5 2. Nc3 Nc6 3. Nf3 f5 4. g3 e4 5. Nh4 g6 6. d3 exd3 7. Qxd3 Nf6 8. Bg2 Bg7 9. O-O O-O 10. Nf3 d6 11. Bf4 Kh8 12. c5 d5 13. Rad1 Be6 14. Nb5 Rc8 15. Ne5 Nxe5 16. Bxe5 c6 17. Nd6 Rb8 18. Qa3 a6 19. Nc4 Ra8 20. Nb6 Ra7 21. f3 Nd7 22. Bxg7+ Kxg7 23. Nxd7 Qxd7 24. Qc3+ Kg8 25. e4 Qg7 26. exd5 Bxd5 27. Qxg7+ Kxg7 1/2-1/2

[Event "Montpellier opA"]
[Site "Montpellier"]
[Date "1998.??.??"]
[Round "4"]
[White "Kosten, Anthony C"]
[Black "Degraeve, Jean Marc"]
[Result "1/2-1/2"]
[WhiteElo "2535"]
[BlackElo "2525"]
[PlyCount "24"]
[EventDate "1998.07.??"]
[Source "www.chesslib.no"]
[SourceDate "2004.05.04"]

1. c4 e5 2. Nc3 Nc6 3. Nf3 f5 4. d3 Bb4 5. g3 Nf6 6. Bg2 d6 7. O-O Bxc3 8. bxc3 O-O 9. c5 d5 10. c4 dxc4 11. Bb2 Qe7 12. Qa4 Be6 1/2-1/2

[Event "Corr"]
[Site "?"]
[Date "2002.06.15"]
[Round "?"]
[White "Svoboda Ing.Frantisek (CZE)"]
[Black "Burger Heinrich (GER)"]
[Result "0-1"]
[WhiteElo "2473"]
[BlackElo "2568"]
[PlyCount "74"]
[EventDate "2002.??.??"]
[Source "www.chesslib.no"]
[SourceDate "2004.05.04"]

1. c4 e5 2. Nc3 Nc6 3. Nf3 f5 4. d4 e4 5. Ng5 Bb4 6. Nh3 Nf6 7. e3 Bxc3+ 8. bxc3 d6 9. Nf4 O-O 10. c5 b6 11. Qb3+ d5 12. c4 Na5 13. Qc2 Nxc4 14. Nxd5 Nxd5 15. Bxc4 Be6 16. O-O c6 17. f3 b5 18. Bb3 exf3 19. Rxf3 a5 20. e4 fxe4 21. Qxe4 Qd7 22. Bc2 Rxf3 23. Qxh7+ Kf8 24. gxf3 Nb4 25. Be3 Nxc2 26. Qxc2 Kg8 27. a3 Rf8 28. Rf1 Bh3 29. Rf2 Qd5 30. Qd3 Re8 31. Bd2 Re6 32. Rg2 Bxg2 33. Kxg2 a4 34. Kg3 Qa2 35. Qf5 Rf6 36. Qd3 Qa1 37. Kg2 Qd1 0-1

[Event "Cappelle op"]
[Site "Cappelle la Grande "]
[Date "1996.??.??"]
[Round "7"]
[White "Sher, Miron N"]
[Black "Sturua, Zurab"]
[Result "1/2-1/2"]
[WhiteElo "2500"]
[BlackElo "2540"]
[PlyCount "25"]
[EventDate "1996.02.??"]
[Source "ChessBase"]

1. c4 e5 2. Nc3 Nc6 3. Nf3 g6 4. d4 exd4 5. Nxd4 Bg7 6. Nxc6 bxc6 7. g3 Ne7 8. Bg2 O-O 9. O-O Rb8 10. Qa4 a6 11. Re1 Qe8 12. Qc2 d6 13. b3 1/2-1/2

[Event "Izmir GP op"]
[Site "Izmir"]
[Date "2002.09.03"]
[Round "7"]
[White "Izoria, Zviad"]
[Black "Gaprindashvili, Valerian"]
[Result "1-0"]
[WhiteElo "2565"]
[BlackElo "2471"]
[PlyCount "137"]
[EventDate "2002.08.28"]
[Source "ChessBase"]
[SourceDate "2002.11.06"]

1. c4 e5 2. Nc3 Nc6 3. Nf3 Bb4 4. Nd5 e4 5. Nd4 Nxd4 6. Nxb4 Nc6 7. Nd5 Ne5 8. Qc2 f5 9. d4 Ng6 10. g4 c6 11. gxf5 N6e7 12. f6 gxf6 13. Nxe7 Qxe7 14. c5 Qe6 15. Bf4 Ne7 16. e3 Nd5 17. Bd6 Rg8 18. Qe2 b6 19. Qh5+ Qf7 20. Qh4 f5 21. Be2 Nf6 22. Be5 Ng4 23. Rg1 Rg6 24. Bd6 Bb7 25. h3 Nf6 26. Rxg6 hxg6 27. Qh8+ Ng8 28. Qe5+ Qe6 29. Bc4 Qxe5 30. dxe5 Ne7 31. Rc1 bxc5 32. Bxc5 Nd5 33. Kd2 Kf7 34. Bd4 a5 35. h4 Ba6 36. Bb3 Bd3 37. a4 Rb8 38. Bxd5+ cxd5 39. Rc5 Ke6 40. f4 Rh8 41. Rxa5 Rxh4 42. Ra8 Rh2+ 43. Kc3 Rc2+ 44. Kb3 Rc4 45. Bc3 d6 46. exd6 Be2 47. Kc2 d4 48. exd4 Kxd6 49. Kd2 Bh5 50. a5 Ra4 51. a6 Kc7 52. d5 g5 53. Rh8 Bf3 54. a7 e3+ 55. Kxe3 Bxd5 56. fxg5 Kb7 57. a8=Q+ Rxa8 58. Rxa8 Kxa8 59. Kf4 Kb7 60. Kxf5 Kc7 61. Kf6 Kd7 62. g6 Ke8 63. Kg7 Be4 64. Bb4 Bc2 65. Bc5 Be4 66. Bf2 Bc2 67. Bh4 Bb1 68. b4 Bd3 69. Bg5 1-0

[Event "Moscow RUS"]
[Site "?"]
[Date "2004.02.17"]
[Round "1"]
[White "Kotsur Pavel"]
[Black "Marzolo Cyril"]
[Result "1-0"]
[WhiteElo "2598"]
[BlackElo "2437"]
[PlyCount "111"]
[EventDate "2004.??.??"]
[Source "www.chesslib.no"]
[SourceDate "2004.05.04"]

1. c4 e5 2. Nc3 Nc6 3. Nf3 f5 4. d4 e4 5. Ng5 Nf6 6. h4 Bb4 7. Nh3 b6 8. Bf4 Ba6 9. e3 Bxc3+ 10. bxc3 Na5 11. Qa4 O-O 12. c5 Bxf1 13. Kxf1 d6 14. cxd6 cxd6 15. c4 Rc8 16. Rc1 Qe8 17. Qb4 d5 18. c5 Nc4 19. cxb6 axb6 20. Kg1 h6 21. Bg3 Rf7 22. Nf4 Ra7 23. Rc2 Qa4 24. Qxa4 Rxa4 25. Kh2 Rca8 26. Ra1 Kf7 27. h5 R8a5 28. Bh4 Nxh5 29. Nxh5 g5 30. Ng3 Ke6 31. Kh3 Ra3 32. Nh5 f4 33. Kg4 Rxe3 34. Nxf4+ gxf4 35. Rxc4 dxc4 36. fxe3 fxe3 37. Kf4 Kd5 38. a3 Kxd4 39. Bd8 Rb5 40. Rd1+ Kc3 41. Kxe3 Rb3 42. Rd2 Rxa3 43. Bxb6 Kb3 44. Kxe4 c3 45. Rd6 Ra4+ 46. Kf3 h5 47. Be3 c2 48. Rb6+ Kc3 49. Ke2 Re4 50. Rc6+ Kb3 51. Kd3 Rg4 52. Rc3+ Kb4 53. Rxc2 h4 54. Rb2+ Ka3 55. Bc1 Ka4 56. Rf2 1-0

[Event "Acropolis GM"]
[Site "Athens"]
[Date "2003.08.25"]
[Round "1"]
[White "Mastrovasilis, Athanasios"]
[Black "Banikas, Hristos"]
[Result "1/2-1/2"]
[WhiteElo "2499"]
[BlackElo "2530"]
[PlyCount "71"]
[EventDate "2003.08.25"]
[Source "Roberto Alvarez"]
[SourceDate "2003.09.08"]

1. c4 e5 2. Nc3 Nc6 3. Nf3 g6 4. d4 exd4 5. Nxd4 Bg7 6. Nxc6 bxc6 7. g3 Ne7 8. Bg2 O-O 9. O-O Rb8 10. Qa4 d6 11. c5 Be6 12. cxd6 cxd6 13. Qxa7 Ra8 14. Qb7 Re8 15. Qb4 Rb8 16. Qa3 Ra8 17. Qb4 Rb8 18. Qa3 Nf5 19. Bxc6 Rf8 20. Qa4 Nd4 21. Bg2 Re8 22. Qd1 Qa5 23. e3 Nb3 24. Rb1 Nxc1 25. Qxc1 Rec8 26. Qd2 Bxc3 27. bxc3 Rxb1 28. Rxb1 Qxc3 29. Qxc3 Rxc3 30. a4 Ra3 31. Rb8+ Kg7 32. Bc6 Rc3 33. Ba8 Bd7 34. a5 Ra3 35. Kg2 Rxa5 36. Bf3 1/2-1/2

[Event "II open"]
[Site "Solsones"]
[Date "2004.08.17"]
[Round "6"]
[White "Narciso Dublan, Marc"]
[Black "Moskalenko, Viktor"]
[Result "1-0"]
[WhiteElo "2484"]
[BlackElo "2544"]
[PlyCount "87"]
[EventDate "2004.08.13"]
[Source "Roberto Alvarez"]
[SourceDate "2004.08.30"]

1. c4 e5 2. Nc3 Nc6 3. Nf3 f5 4. d4 e4 5. Ne5 Nxe5 6. dxe5 Ne7 7. g4 fxg4 8. Qd4 Nc6 9. Qxe4 Bb4 10. Qxg4 O-O 11. Qg3 d6 12. Rg1 Rf7 13. Bg5 Qf8 14. exd6 Bxd6 15. Qh4 Bf5 16. Bg2 Nb4 17. Rd1 c6 18. Be4 Be5 19. Bxf5 Rxf5 20. Be7 Bf6 21. Qxf6 Rxf6 22. Bxf8 Raxf8 23. Ne4 Rh6 24. Rd7 Rf7 25. Rd8+ Rf8 26. Rd7 Rf7 27. Rd8+ Rf8 28. Rxf8+ Kxf8 29. a3 Nc2+ 30. Kd2 Nd4 31. Rg2 g6 32. Nd6 b6 33. Rg4 c5 34. e3 Nc6 35. h4 Ke7 36. Nb5 Kd7 37. Ke2 Ne7 38. Nxa7 Nf5 39. Nb5 Rxh4 40. Rxh4 Nxh4 41. Nc3 Nf5 42. Kf3 Nd6 43. b3 Nb7 44. Ne4 1-0

[Event "SUI Team Ch"]
[Site "Switzerland"]
[Date "1993.??.??"]
[Round "?"]
[White "Zueger, Beat"]
[Black "Korchnoi, Viktor L"]
[Result "1/2-1/2"]
[WhiteElo "2415"]
[BlackElo "2605"]
[PlyCount "53"]
[EventDate "1993.??.??"]
[Source "www.chesslib.no"]
[SourceDate "2004.05.04"]

1. c4 e5 2. Nc3 Nc6 3. Nf3 Bb4 4. Nd5 e4 5. Nxb4 Nxb4 6. Nd4 Nf6 7. a3 Nc6 8. Nxc6 dxc6 9. d4 Be6 10. e3 Qd6 11. Bd2 a5 12. Be2 h5 13. Bc3 Rh6 14. Qc2 Rg6 15. g3 Bg4 16. Bxg4 Rxg4 17. O-O-O Rg5 18. d5 cxd5 19. Bxf6 Qxf6 20. cxd5 O-O-O 21. Qxe4 Re5 22. Qc2 Rexd5 23. Rxd5 Rxd5 24. Rd1 Rxd1+ 25. Kxd1 Qf3+ 26. Ke1 g6 27. h4 1/2-1/2

[Event "Beloreshchensk"]
[Site "?"]
[Date "1992.??.??"]
[Round "?"]
[White "Sorokin, M."]
[Black "Obukhov, A."]
[Result "0-1"]
[WhiteElo "2550"]
[BlackElo "2465"]
[PlyCount "80"]
[EventDate "1992.??.??"]
[Source "ChessBase"]
[SourceDate "1993.02.01"]

1. c4 e5 2. Nc3 Nc6 3. Nf3 g6 4. d4 exd4 5. Nxd4 Bg7 6. Nxc6 bxc6 7. g3 Ne7 8. Bg2 O-O 9. c5 Nf5 10. O-O Nd4 11. Be3 Ne6 12. Rc1 a5 13. Qa4 Qe7 14. Rfd1 Ba6 15. Rd2 Rfb8 16. Qd1 Bc8 17. Na4 Rb4 18. b3 f5 19. Rd3 Rab8 20. Qd2 Qf7 21. f4 Bf6 22. Rd1 Nf8 23. Bd4 Ba6 24. Bxf6 Bxd3 25. Bc3 Be4 26. Bxb4 Rxb4 27. Bf1 Qe7 28. e3 Bd5 29. Bg2 Bxg2 30. Kxg2 h5 31. h4 Kf7 32. Kf2 Ke8 33. Qc3 Kd8 34. Rd4 Rb5 35. e4 fxe4 36. Qe3 Rb4 37. Rxb4 axb4 38. Qd4 Qe6 39. Qe5 Qd5 40. Qf6+ Ke8 0-1

[Event "Monarch Assurance"]
[Site "Port Erin"]
[Date "2004.09.30"]
[Round "6.14"]
[White "Agrest, Evgenij"]
[Black "Peek, Marcel"]
[Result "1-0"]
[WhiteElo "2602"]
[BlackElo "2406"]
[PlyCount "79"]
[EventDate "2004.09.25"]
[Source "Roberto Alvarez"]
[SourceDate "2004.10.05"]

1. c4 e5 2. Nc3 Nc6 3. Nf3 g6 4. d4 exd4 5. Nxd4 Bg7 6. Nxc6 bxc6 7. g3 Ne7 8. Bg2 O-O 9. Bg5 h6 10. Bd2 d6 11. Qc1 Kh7 12. Nd1 Be6 13. Bc3 Qd7 14. Bxg7 Kxg7 15. h3 Rab8 16. Ne3 f6 17. Qc3 c5 18. b3 Nc6 19. g4 Nd4 20. Nf1 a5 21. e3 Nc6 22. Ng3 a4 23. f4 Ne7 24. Rd1 Ng8 25. O-O Bf7 26. Rd3 Kh7 27. Kh2 Qe7 28. h4 Be6 29. Bh3 axb3 30. axb3 Ra8 31. Rd2 Ra3 32. Rb2 Rfa8 33. Rff2 Bd7 34. Qd3 Kg7 35. h5 Be8 36. Bg2 c6 37. Be4 Qd7 38. Bxg6 Qxg4 39. Nf5+ Kh8 40. Rg2 1-0

[Event "USA (ch) 74/24"]
[Site "?"]
[Date "1998.??.??"]
[Round "?"]
[White "Shaked, Tal"]
[Black "Browne, Walter S"]
[Result "1-0"]
[WhiteElo "2490"]
[BlackElo "2515"]
[PlyCount "75"]
[EventDate "1998.??.??"]
[Source "ChessBase"]
[SourceDate "1998.10.01"]

1. c4 e5 2. Nc3 Nc6 3. Nf3 f5 4. d4 e4 5. Ng5 Nf6 6. Nh3 g6 7. Bg5 Bg7 8. Nf4 Ne7 9. e3 d6 10. h4 h6 11. Bxf6 Bxf6 12. Ncd5 Nxd5 13. cxd5 Kf7 14. Rc1 Bxh4 15. Ne6 Bxe6 16. dxe6+ Kg8 17. Qb3 Be7 18. Qxb7 Rb8 19. Qxa7 Rxb2 20. Qxc7 d5 21. Qxd8+ Bxd8 22. Rc5 Kg7 23. g4 Be7 24. Rc7 Kf6 25. g5+ Kxe6 26. Rxh6 Bb4+ 27. Kd1 Rxh6 28. gxh6 Rd2+ 29. Kc1 Rxf2 30. Bb5 Bd2+ 31. Kd1 Bxe3 32. Rg7 Bxd4 33. Rxg6+ Ke5 34. Bd7 f4 35. h7 Rh2 36. Re6+ Kf5 37. Rh6+ Kg5 38. Rxh2 1-0